[Event "BRA-ch U16"]
[Site "Juiz de Fora"]
[Date "2019.04.21"]
[Round "6"]
[White "De Borba, Gabriel"]
[Black "Prospero, Alexandre"]
[Result "1/2-1/2"]
[WhiteElo "2136"]
[BlackElo "1526"]
[PlyCount "94"]
[EventDate "2019.04.18"]
[EventType "swiss"]
[EventRounds "6"]
[EventCountry "BRA"]
[SourceTitle "CBM 190 Extra"]
[Source "ChessBase"]
[SourceDate "2019.07.15"]
[SourceVersion "1"]
[SourceVersionDate "2019.07.15"]
[SourceQuality "1"]

1. e4 e6 2. d4 d5 3. Nd2 c5 4. exd5 exd5 5. dxc5 Bxc5 6. Ngf3 Nf6 7. Bd3 Qe7+ 8. Be2 0-0 9. 0-0 Re8 10. Bb5 Bd7 11. Bxd7 Nbxd7 12. Nb3 Bb6 13. Nbd4 Ne5 14. Bg5 h6 15. Nf5 Qe6 16. N3d4 Bxd4 17. Nxd4 Qb6 18. Bxf6 Qxf6 19. c3 Nc4 20. Qc2 Qf4 21. Rad1 Re7 22. b3 Nb6 23. Rd3 Rc8 24. Rf3 Qg4 25. Qd3 Qe4 26. Qd2 Rce8 27. Rg3 Qe1 28. Qxe1 Rxe1 29. Nf5 g6 30. Nd4 Kf8 31. Rd3 a6 32. a4 Nd7 33. b4 f5 34. Nc2 Rxf1+ 35. Kxf1 Nf6 36. Ne3 Re5 37. f4 Re4 38. g3 a5 39. Nc2 Rc4 40. Ne3 Re4 41. bxa5 Rxa4 42. Nxd5 Ne4 43. Nb6 Rxa5 44. c4 Ra6 45. Rd8+ Kf7 46. Rd7+ Ke6 47. Rxb7 Ra1+ 1/2-1/2